| 000 | 00000nam##2200000za#4500 |
| 001 | 9.695998 |
| 003 | CaOODSP |
| 005 | 20241203113637 |
| 007 | cr ||||||||||| |
| 008 | 150407|2000||||xxc|||||o f|0| 0 eng|d |
| 040 | |aCaOODSP|beng |
| 043 | |an-cn--- |
| 086 | 1 |aEn40-492/2000E-PDF |
| 110 | 1 |aCanada. |bEnvironment Canada. |
| 245 | 10|aEnvironmental Leaders 3 update : |h[electronic resource]|bARET, voluntary action on toxic substances |
| 260 | |aOttawa - Ontario : |bEnvironment Canada |cMay 2000. |
| 300 | |a44p.|bgraphs, tables |
| 500 | |a"ARET (Accelerated Reduction/Elimination of Toxics) is a multi-stakeholder pollution prevention and abatement initiative involving industry, health and professional organizations, as well as government across Canada."--Page 4. |
| 500 | |aThe catalogue number (En40-492/2000E) and ISBN (0-662-28935-8) of the print edition have been incorrectly copied in this electronic edition. |
| 520 | 3 |aARET (Accelerated Reduction/Elimination of Toxics) is a multi-stakeholder pollution prevention and abatement initiative involving industry, health and professional organizations, as well as government across Canada.--Page 4 |
| 590 | |a12-16-Supp|b2012-04-17 |
| 690 | 07|aToxic substances|2gcpds |
| 690 | 07|aPollution control|2gcpds |
| 690 | 07|aIndustry|2gcpds |
| 775 | 08|tLeaders environnementaux 3 mise à jour : |w(CaOODSP)9.640116 |
| 776 | 0#|tEnvironmental Leaders 3: update : |w(CaOODSP)9.647728 |
| 856 | 40|ahttp://publications.gc.ca|qPDF|s1.36 MB|uhttps://publications.gc.ca/collections/Collection/En40-492-2000E.pdf |